The Copperbelt University : School of Technology : school handbook 2005 (Record no. 62504)
[ view plain ]
| 000 -LEADER | |
|---|---|
| fixed length control field | 00778nam a2200217 a 4500 |
| 003 - CONTROL NUMBER IDENTIFIER | |
| control field | CBULib |
| 005 - DATE AND TIME OF LATEST TRANSACTION | |
| control field | 20250815133806.0 |
| 008 - FIXED-LENGTH DATA ELEMENTS--GENERAL INFORMATION | |
| fixed length control field | 060925s2005 ||||||||||||||||| || u |
| 040 ## - CATALOGING SOURCE | |
| Original cataloging agency | CBULib |
| Language of cataloging | English |
| Transcribing agency | CBULib |
| Description conventions | rda |
| 041 ## - LANGUAGE CODE | |
| Language code of text/sound track or separate title | eng |
| 050 ## - LIBRARY OF CONGRESS CALL NUMBER | |
| Classification number | CBU-SOT(058)SH/2005 |
| 110 ## - MAIN ENTRY--CORPORATE NAME | |
| Corporate name or jurisdiction name as entry element | The Copperbelt University, School of Technology |
| 245 14 - TITLE STATEMENT | |
| Title | The Copperbelt University : School of Technology : school handbook 2005 |
| Statement of responsibility, etc | / by The Copperbelt University-School of Technology(CBU-SOT) |
| 260 ## - PUBLICATION, DISTRIBUTION, ETC. (IMPRINT) | |
| Place of publication, distribution, etc | Kitwe : |
| Name of publisher, distributor, etc | Copperbelt University, |
| Date of publication, distribution, etc | 2005. |
| 300 ## - PHYSICAL DESCRIPTION | |
| Extent | 98 pages : illustrations |
| 336 ## - CONTENT TYPE | |
| Source | rdacontent |
| Content type term | Text | |
| Content type code | txt |
| 337 ## - MEDIA TYPE | |
| Source | rdamedia |
| Media type term | Unmediated | |
| Media type code | n |
| 338 ## - CARRIER TYPE | |
| Source | rdacarrier |
| Carrier type term | Volume |
| Carrier type code | nc |
| 650 ## - SUBJECT ADDED ENTRY--TOPICAL TERM | |
| Topical term or geographic name as entry element | COPPERBELT UNIVERSITY--HANDBOOKS, MANUALS, ETC |
| 942 ## - ADDED ENTRY ELEMENTS (KOHA) | |
| Source of classification or shelving scheme | |
| Koha item type | UNIVERSITY COLLECTION |
| Withdrawn status | Lost status | Source of classification or shelving scheme | Damaged status | Not for loan | Collection code | Permanent Location | Current Location | Shelving location | Date acquired | Source of acquisition | Full call number | Barcode | Date last seen | Copy number | Price effective from | Koha item type |
|---|---|---|---|---|---|---|---|---|---|---|---|---|---|---|---|---|
| Special Collections | CBU-MAIN LIBRARY, KITWE. | CBU-MAIN LIBRARY, KITWE. | Special Collections | 12/13/2022 | DEP-CBU | CBU.SOT(058)SH/2005F | B03001150 | 12/13/2022 | 6 | 12/13/2022 | UNIVERSITY COLLECTION | |||||
| Special Collections | CBU-MAIN LIBRARY, KITWE. | CBU-MAIN LIBRARY, KITWE. | Special Collections | 12/13/2022 | DEP-CBU | CBU.SOT(058)SH/2005G | B03001151 | 12/13/2022 | 7 | 12/13/2022 | UNIVERSITY COLLECTION | |||||
| Special Collections | CBU-MAIN LIBRARY, KITWE. | CBU-MAIN LIBRARY, KITWE. | Special Collections | 12/13/2022 | DEP-CBU | CBU.SOT(058)SH/2005E | B03001149 | 12/13/2022 | 5 | 12/13/2022 | UNIVERSITY COLLECTION | |||||
| Special Collections | CBU-MAIN LIBRARY, KITWE. | CBU-MAIN LIBRARY, KITWE. | Special Collections | 12/13/2022 | DEP-CBU | CBU.SOT(058)SH/2005A | B152930 | 08/14/2025 | 1 | 12/13/2022 | UNIVERSITY COLLECTION | |||||
| Special Collections | CBU-MAIN LIBRARY, KITWE. | CBU-MAIN LIBRARY, KITWE. | Special Collections | 12/13/2022 | DEP-CBU | CBU.SOT(058)SH/2005B | B152931 | 08/14/2025 | 2 | 12/13/2022 | UNIVERSITY COLLECTION | |||||
| Special Collections | CBU-MAIN LIBRARY, KITWE. | CBU-MAIN LIBRARY, KITWE. | Special Collections | 12/13/2022 | DEP-CBU | CBU.SOT(058)SH/2005C | B152932 | 08/14/2025 | 3 | 12/13/2022 | UNIVERSITY COLLECTION | |||||
| Special Collections | CBU-MAIN LIBRARY, KITWE. | CBU-MAIN LIBRARY, KITWE. | Special Collections | 12/13/2022 | DEP-CBU | CBU.SOT(058)SH/2005D | B152940 | 08/15/2025 | 4 | 12/13/2022 | UNIVERSITY COLLECTION |